X-Men Quizzes 2: Cyclops - Statistics

General Stats
  • This quiz has been taken 82 times
  • The average score is 8 of 12
Answer Stats
Hint Answer % Correct
Who is his wife? Phoenix / Marvel Girl / Jean Grey
100%
He was the first of the original five _____ X-Men
100%
What is his mutant ability? Optic blasts
99%
What is his real name? Scott Summers
97%
Who is his brother? Havok / Alex Summers
90%
Who is his eldest child? Cable / Nathan Summers
88%
Who is his and his wife’s archenemy? Mr Sinister / Nathaniel Essex
63%
Who was he first portrayed by in 2000? James Marsden
60%
Who is his father? Corsair / Christopher Summers
49%
Who is his other brother? Vulcan / Gabriel Summers
46%
Then who in 2016? Tye Sheridan
26%
Who was he portrayed by in 2009? Tim Pocock
7%
No matching quizzes found
Score Distribution
Percent of People with Each Score
Percentile by Number Answered
Your Score History
You have not taken this quiz